[Event "Santa Teresita op 2nd"]
[Site "Santa Teresita"]
[Date "2017.07.01"]
[Round "4"]
[White "Lopardo, Pablo"]
[Black "Paz, Jose Maria"]
[Result "0-1"]
[WhiteElo "1681"]
[BlackElo "1608"]
[PlyCount "57"]
[EventDate "2017.06.30"]
[EventType "swiss"]
[EventRounds "6"]
[EventCountry "ARG"]
[SourceTitle "EXT 2018"]
[Source "ChessBase"]
[SourceDate "2017.10.13"]
[SourceVersion "1"]
[SourceVersionDate "2017.10.13"]
[SourceQuality "1"]

1. e4 e6 2. d4 d5 3. e5 c5 4. c3 Qb6 5. Nf3 Nc6 6. Be2 Nh6 7. Na3 Nf5 8. Nc2 Be7 9. 0-0 0-0 10. g4 Nh4 11. Nxh4 Bxh4 12. dxc5 Qxc5 13. Be3 Qe7 14. f4 f6 15. exf6 gxf6 16. Rf3 f5 17. g5 h6 18. Nd4 hxg5 19. Nxc6 bxc6 20. fxg5 Rf7 21. Qd4 Rh7 22. Bf4 Rg7 23. Kh1 c5 24. Qe5 Bb7 25. Rh3 Bxg5 26. Bxg5 d4+ 27. Bf3 Bxf3+ 28. Rxf3 Rxg5 29. Rh3 0-1